Revenue a yield manažment Tvorba "budgetu" a segmentácia

Property Management System (PMS) - intuitívny softér, ktorý umožňuje vedeniu ubytovacieho zariadenia riadiť najmä rezervácie a predaj izieb a služieb. Dôležitosť PMS pre zber informácií a následné rozhodovanie. Zostavenie rozpočtu na základe dôležitých údajov a informácií. Informácie o nákupnom sprá...

Descripción completa

Guardado en:
Detalles Bibliográficos
Autor principal: Beneš, Radim
Formato: Capítulo de libro
Lenguaje:eslovaco
Materias:
Etiquetas: Agregar Etiqueta
Sin Etiquetas, Sea el primero en etiquetar este registro!

MARC

LEADER 00000naa a2200000 4500
001 0245508
005 20180614150718.4
041 0 |a slo 
044 |a SK 
245 1 0 |a Revenue a yield manažment  |b Tvorba "budgetu" a segmentácia  |c Radim Beneš 
520 |a Property Management System (PMS) - intuitívny softér, ktorý umožňuje vedeniu ubytovacieho zariadenia riadiť najmä rezervácie a predaj izieb a služieb. Dôležitosť PMS pre zber informácií a následné rozhodovanie. Zostavenie rozpočtu na základe dôležitých údajov a informácií. Informácie o nákupnom správaní hostí v minulosti. Segmentácia hostí. 
610 2 0 |a hotelierstvo 
610 2 0 |a hotely 
610 2 0 |a zariadenia ubytovacie 
610 2 0 |a riadenie 
610 2 0 |a rozpočty 
610 2 0 |a plánovanie 
610 2 0 |a príjmy 
610 2 0 |a segmentácia 
610 2 0 |a klienti 
610 2 0 |a systémy informačné podnikové 
100 1 |a Beneš, Radim